Logo CIB grande

CODIGO ORGANICO DE LA PRODUCCION, COMERCIO E INVERSIONES: LEGISLACION CONEXA TOMO II (Registro nro. 230085)

Detalles MARC
000 -LEADER
campo de control de longitud fija 00769nam a2200265Ia 4500
005 - FECHA Y HORA DE LA ÚLTIMA TRANSACCIÓN
campo de control 20250425162458.0
008 - DATOS DE LONGITUD FIJA--INFORMACIÓN GENERAL
campo de control de longitud fija 250425s9999 xx 000 0 und d
020 ## - NÚMERO INTERNACIONAL ESTÁNDAR DEL LIBRO
Número Internacional Estándar del Libro 9789978869758
041 ## - CÓDIGO DE IDIOMA
Código de lengua del texto/banda sonora o título independiente spa
043 ## - CÓDIGO DE ÁREA GEOGRÁFICA
Código de área geográfica ec
082 ## - NÚMERO DE LA CLASIFICACIÓN DECIMAL DEWEY
Número de clasificación 341.02636
010 ## - NÚMERO DE CONTROL DE LA BIBLIOTECA DEL CONGRESO
Número de control de LC 76779
100 ## - ENTRADA PRINCIPAL--NOMBRE DE PERSONA
Nombre de persona CORPORACION, DE ESTUDIOS Y PUBLICACIONES
245 #0 - MENCIÓN DEL TÍTULO
Título CODIGO ORGANICO DE LA PRODUCCION, COMERCIO E INVERSIONES: LEGISLACION CONEXA TOMO II
250 ## - MENCION DE EDICION
Mención de edición 1A ED.
260 ## - PUBLICACIÓN, DISTRIBUCIÓN, ETC.
Lugar de publicación, distribución, etc. Ecuador
Nombre del editor, distribuidor, etc. CORPORACION DE ESTUDIOS Y PUBLICACIONES
Fecha de publicación, distribución, etc. 2011
260 ## - PUBLICACIÓN, DISTRIBUCIÓN, ETC.
Lugar de publicación, distribución, etc. QUITO
Nombre del editor, distribuidor, etc. CORPORACION DE ESTUDIOS Y PUBLICACIONES
300 ## - DESCRIPCIÓN FÍSICA
Extensión 620
500 ## - NOTA GENERAL
Nota general tomo II
650 ## - PUNTO DE ACCESO ADICIONAL DE MATERIA--TÉRMINO DE MATERIA
Término de materia o nombre geográfico como elemento de entrada CODIGOS
650 ## - PUNTO DE ACCESO ADICIONAL DE MATERIA--TÉRMINO DE MATERIA
Término de materia o nombre geográfico como elemento de entrada COMERCIO
650 ## - PUNTO DE ACCESO ADICIONAL DE MATERIA--TÉRMINO DE MATERIA
Término de materia o nombre geográfico como elemento de entrada INVERSIONES
710 ## - ENTRADA AGREGADA--NOMBRE DE ENTIDAD CORPORATIVA
Nombre de entidad corporativa o nombre de jurisdicción como elemento de entrada CORPORACION DE ESTUDIOS Y PUBLICACIONES
942 ## - ELEMENTOS DE ENTRADA SECUNDARIOS (KOHA)
Tipo de ítem Koha Libros
Existencias
Estatus retirado Estado de pérdida Estado de daño No para préstamo Biblioteca de origen Biblioteca actual Ubicación en estantería Fecha de adquisición Coste, precio normal de compra Total de préstamos Código de barras Copia número Nota pública
        ESCUELA DE NEGOCIOS ESCUELA DE NEGOCIOS   11/04/2011 22.00   CP-14670 1 COMPRA

Copyright 2025 ESPOL. Todos los derechos reservados.